El fin del conocimiento / (Record no. 193552)

MARC details
000 -LEADER
campo de control de longitud fija 00933nam a2200265 i 4500
001 - NÚMERO DE CONTROL
campo de control 193552
003 - IDENTIFICADOR DE NÚMERO DE CONTROL
campo de control ES-MaACL
005 - FECHA Y HORA DE LA ÚLTIMA TRANSACCIÓN
campo de control 20240903062955.0
008 - DATOS DE LONGITUD FIJA--INFORMACIÓN GENERAL
campo de control de longitud fija 240105s2023 sp ||||| |||| 00| 0 spa d
020 ## - NÚMERO INTERNACIONAL ESTÁNDAR DEL LIBRO
Número Internacional Estándar del Libro 9798860281660
040 ## - FUENTE DE CATALOGACIÓN
Centro catalogador/agencia de origen ES-MaACL
Centro/agencia transcriptor ES-MaACL
100 ## - ENTRADA PRINCIPAL--NOMBRE DE PERSONA
Nombre de persona Vivancos, David
9 (RLIN) 234852
Término indicativo de función/relación Autor
245 13 - MENCIÓN DEL TÍTULO
Título El fin del conocimiento /
Mención de responsabilidad, etc. David Vivancos
264 #1 - PRODUCCIÓN, PUBLICACIÓN, DISTRIBUCIÓN, FABRICACIÓN Y COPYRIGHT
Producción, publicación, distribución, fabricación y copyright [Lugar no identificado] :
Nombre del de productor, editor, distribuidor, fabricante Amazón,
Fecha de producción, publicación, distribución, fabricación o copyright 2023.
300 ## - DESCRIPCIÓN FÍSICA
Extensión 286 páginas ;
Dimensiones 23 cm
650 #4 - PUNTO DE ACCESO ADICIONAL DE MATERIA--TÉRMINO DE MATERIA
9 (RLIN) 13861
Término de materia o nombre geográfico como elemento de entrada Inteligencia artificial
852 ## - LOCALIZACIÓN
Ubicación ES-MaACL
Sublocalización o colección R.154828
Ubicación en estantería Depósito J
Número de control de estantería N-9645
Donativo/Legado Donación: David Vivancos
itemnumber 201147
Encuadernación Encuadernación cartoné
903 ## - NOMBRE PERSONAL DE DONANTE
9 234852
a Vivancos, David
e Autor
942 ## - ELEMENTOS DE ENTRADA SECUNDARIOS (KOHA)
Suprimir en OPAC No
Tipo de ítem Koha Libro impreso
Holdings
Estatus retirado Estado de pérdida Fuente del sistema de clasificación o colocación Estado de daño No para préstamo Colección Biblioteca de origen Biblioteca actual Ubicación en estantería Fecha de adquisición Fuente de adquisición Total de préstamos Signatura topográfica completa Código de barras Visto por última vez Precio de reemplazo Tipo de ítem Koha Nota pública
    Clasificación decimal universal     Libros con dedicatorias Biblioteca del Ateneo de Madrid Biblioteca del Ateneo de Madrid Depósito J 13/11/2023 Donación   N-9645 101206541 31/01/2024 31/01/2024 Libro impreso Dedicatoria autógrafa del autor